[Event "Sampa Chess Open 2024"]
[Site "Sao Paulo"]
[Date "2024.01.30"]
[Round "2.5"]
[White "Ribeiro, Matheus Mendes Domi"]
[Black "Flores Quillas, Diego Saul Rodri"]
[Result "0-1"]
[WhiteElo "2130"]
[BlackElo "2429"]
[PlyCount "72"]
[EventDate "2024.01.29"]
[EventRounds "9"]
[EventCountry "BRA"]

1. Nf3 c5 2. c4 Nc6 3. Nc3 g6 4. e3 Nf6 5. d4 cxd4 6. exd4 d5 7. cxd5 Nxd5 8.
Qb3 Nxc3 9. Bc4 e6 10. bxc3 Bd7 11. Be2 ({RR} 11. Bd3 Na5 12. Qc2 Rc8 13. O-O
Bc6 14. Qe2 Bd6 15. Ne5 O-O 16. Bh6 Re8 17. Nxc6 Nxc6 18. g3 Bf8 19. Bxf8 Rxf8
20. Rab1 b6 21. h4 Qf6 22. Rb5 Rfd8 23. Kg2 Ne7 24. Qd2 Nd5 25. Rc1 Rc7 {
Martin Carmona,G (2362)-Di Berardino,D (2480) Roquetas de Mar ESP 2022 1/2-1/2
(63)}) 11... Na5 12. Qc2 ({RR} 12. Qb1 Rc8 13. O-O Bg7 14. Ba3 Bf8 15. Bb4 Bxb4
16. cxb4 Nc6 17. b5 Ne7 18. Ne5 O-O 19. Bf3 b6 20. Qb4 f6 21. Nd3 Be8 22. Rac1
Rxc1 23. Rxc1 Nf5 24. d5 e5 25. Bd1 Bf7 26. Qa3 Qxd5 {Ding Liren (2791)-So,W 
(2778) Stavanger NOR 2018 0-1 (36)}) 12... Bc6 $146 ({RR} 12... Qc7 13. Ne5 Rc8
14. Bd2 Bg7 15. f4 O-O 16. O-O Nc6 17. Qb3 Rfd8 18. Rac1 Be8 19. Be3 Ne7 20.
Bf2 Bc6 21. Bh4 Re8 22. c4 Nf5 23. Bf2 Qa5 24. Rfd1 Red8 25. Rd3 Be4 26. Rdd1
Qc7 27. Bf1 {Grinberg,N-Pedersen,E Groningen 1978 0-1 (31)}) ({RR} 12... Bd6
13. Bh6 Rc8 14. O-O Qc7 15. Qe4 Bf8 16. Bf4 Bd6 17. Bh6 Bf8 18. Bxf8 Kxf8 19.
Ne5 f6 20. Nxd7+ Qxd7 21. Bg4 Kf7 22. d5 f5 23. dxe6+ Qxe6 24. Qb4 b6 25. Rfe1
Qf6 26. Bf3 Rhd8 27. Rad1 {Kalinin,A (2512)-Tate,E (2377) Boston 2001 1/2-1/2 
(51)}) ({RR} 12... Bg7 13. Ba3 Bf8 14. Bxf8 Kxf8 15. O-O Rc8 16. Rfe1 Kg7 17.
Ne5 Nc6 18. Bf3 Nxd4 19. Qd1 Nxf3+ 20. Qxf3 f6 21. Nxd7 Qxd7 22. Qe3 e5 23.
Rad1 Qf7 24. Qxa7 Rxc3 25. Rd6 Rhc8 26. Red1 R8c7 27. Qa4 {Ortiz Suarez,I 
(2533)-Corrales Jimenez,F (2548) Philadelphia USA 2019 0-1 (31)}) 13. O-O Be7
14. Bh6 f6 15. c4 Rc8 16. Rab1 Kf7 17. Rfe1 b5 18. d5 Bxd5 19. Rxb5 Nxc4 20.
Qa4 Qd7 21. Rc1 Nb6 22. Qd4 Rxc1+ 23. Bxc1 Rc8 24. Be3 Rc2 25. Bd3 Rxa2 26. h3
Ra4 27. Qc3 Ra3 28. Ng5+ Kg8 29. Qc2 fxg5 30. Bxg6 Bf6 31. Bxb6 Qxb5 32. Bxh7+
Kh8 33. Bc7 Ra1+ 34. Kh2 Qc6 35. Qg6 Qxc7+ 36. g3 Rh1# 0-1

[Event "Sampa Chess Open 2024"]
[Site "Sao Paulo"]
[Date "2024.01.30"]
[Round "2.6"]
[White "Cueto, Jonny"]
[Black "Perez Gormaz, Matias"]
[Result "0-1"]
[WhiteElo "2108"]
[BlackElo "2388"]
[PlyCount "108"]
[EventDate "2024.01.29"]
[EventRounds "9"]
[EventCountry "BRA"]

1. e4 {Lukacs,P} e5 2. Nf3 Nc6 3. Bc4 Bc5 4. c3 Nf6 5. d4 exd4 6. cxd4 Bb4+ 7.
Nc3 Nxe4 8. O-O Bxc3 9. d5 Bf6 10. Re1 Ne7 11. Rxe4 d6 12. Bg5 Bxg5 13. Nxg5 h6
14. Qh5 ({RR} 14. Nxf7 Kxf7 15. Qf3+ ({RR} 15. Qh5+ g6 16. Qf3+ Nf5 17. g4 Rf8
18. gxf5 Kg7) 15... Nf5 16. g4 Rf8 17. gxf5 Kg8 18. Kh1 Bxf5 19. Rf4 Qf6) ({RR
} 14. Bb5+ Bd7 15. Qe2 Bxb5 16. Qxb5+ Qd7 17. Qe2 Kf8) ({RR} 14. Qe2 hxg5 15.
Re1 ({RR} 15. Re3 Bd7 16. Re1 O-O 17. Rxe7 Re8 18. Re4 Qf6 19. Bd3 g6) ({RR} 
15. Bb5+ Bd7 16. Re1 Bxb5 17. Rxe7+ Kf8 18. Qxb5 Qxe7 19. Rxe7 Kxe7 20. Qxb7
Rhc8 21. h3 Kd8 22. Qc6 Rab8 23. Qc3 f6 24. b4 Rb6 25. a4 a6 26. Qd3 Ke7 27.
Qg6 Kf8) 15... Be6 16. dxe6 f6 17. Re3 Kf8 ({RR} 17... c6 18. Rh3 Rxh3 19. gxh3
Qa5) 18. Bd3 ({RR} 18. Qd3 c6 19. Rh3 Rxh3 20. Qxh3 Kg8 21. Qh5 ({RR} 21. Bd3
g6) 21... Qe8) ({RR} 18. Rh3 Rxh3 19. gxh3 g6 20. Qf3 ({RR} 20. h4 gxh4 21. Qe4
Kg7 22. Qxb7 Qc8 23. Qe4 Rb8 24. b3 ({RR} 24. Qxh4 Rb4 25. Qd4 Qb7) 24... Qb7
25. Qxh4 Rh8 26. Qg3 Rh5 27. h4 ({RR} 27. f4 Qb6+ 28. Kg2 d5) 27... Nf5 28. Qg2
Qxg2+ 29. Kxg2 Kf8) 20... Kg7 21. Qxb7 Qc8 22. Qf3 Rb8 23. b3 ({RR} 23. Bb3 Qb7
24. Qc3 Qb4 25. Rd1 Qxc3 26. bxc3 Rb5 27. Rd4 f5 28. h4 g4 29. h3 gxh3) ({RR} 
23. Re2 Qb7 24. Qd3 d5 25. Ba6 Qc6 26. Rc2 Qd6) 23... Qb7 24. Qd3 Rh8 25. Ba6
Qb6 26. Rc1 Rh4 27. Qb5 c6 28. Qxb6 axb6 29. Bb7 Rh8 30. b4 b5 31. Rc2 f5 32.
a4 bxa4) 18... Qe8 ({RR} 18... c6 19. Bg6 Qa5 20. Bf7) 19. Rh3 ({RR} 19. Rc1 c6
) 19... Rxh3 20. gxh3 g6 21. Qf3 ({RR} 21. h4 gxh4 22. Qf3 Kg7 23. Qxb7 Qb8 24.
Qf3 Qb4) 21... Kg7 22. Qxb7 Qb8 23. Qe4 ({RR} 23. Qf3 Qb4) 23... d5 24. Qa4 c6
25. Qa3 Qc7 26. Qc5 a5) 14... O-O ({RR} 14... g6 15. Qh4 Bf5 16. Re3 Kf8 17.
Qd4 Kg8 18. Qxh8+ Kxh8 19. Nxf7+ Kg8 20. Nxd8 Rxd8 21. Rxe7 {1-0 (21) Cueto,J 
(2108)-Da Cruz,K (1774) Florianopolis 2024}) 15. Rae1 ({RR} 15. Nf3 Ng6) 15...
Nf5 ({RR} 15... Ng6 16. Ne6 ({RR} 16. Nf3 Qf6) 16... fxe6 17. Qxg6 e5 18. Rxe5
({RR} 18. R4e3 Bf5 ({RR} 18... Qf6 19. Qc2 Bf5 ({RR} 19... Bd7 20. Rc1 Rae8 21.
Qe2 Kh8 22. Rb3)) 19. Qg3 Qf6) 18... dxe5 ({RR} 18... Qf6 19. Qxf6 Rxf6 20. Re7
Rf7 21. Re8+ Rf8 22. R1e7 Rxe8 ({RR} 22... Bf5 23. Rxa8 Rxa8 24. Rxc7) 23.
Rxe8+ Kf7 24. Bb5) 19. d6+ Kh8 20. Bd3 Bf5 ({RR} 20... Kg8 21. Qh7+ Kf7 22.
Qg6+ ({RR} 22. Bc4+ Kf6)) 21. Bxf5 Rxf5 22. Qxf5 cxd6 23. Rc1 Qe7 24. h4 Rd8 ({
RR} 24... Rf8 25. Rc8) 25. Rc8 d5 ({RR} 25... Rxc8 26. Qxc8+ Kh7 27. Qf5+ g6
28. Qe4 h5 29. g3 b6 30. Qd5 Kg7) 26. Rxd8+ Qxd8 27. Qxe5 d4 28. Kf1 d3 29. Ke1
Qxh4 30. Qb8+ {Finegold,B (2551)-Muhammad,S (2368) Seattle 2003 CBM 093 
[Lukacs,P] 1/2-1/2 (40)}) 16. Nf3 ({RR} 16. Nxf7 Qf6) ({RR} 16. Ne6 fxe6 17.
dxe6 Ne7 18. Rg4 Rf6 19. Rg6 Rxg6 20. Qxg6 Qf8 21. Qe4 a5 22. Re3 d5 23. Bxd5
Ra6 24. Rf3 Qe8 25. Bb3 Qc6 26. Qf4 Bxe6 27. Qf8+ Kh7) 16... g6 ({RR} 16... Qf6
17. g4 Ne7 18. Rxe7 ({RR} 18. g5 Qg6 19. Qxg6 Nxg6) 18... Qxf3 19. h3 Qf6 20.
b3) 17. Qg4 $146 ({RR} 17. Qh3 h5 18. Nd2 Qg5 19. Qc3 Bd7 20. Nf3 Qh6 21. Qb4
b6 22. Bb5 Rfd8 23. h3 a5 24. Qc4 Qg7 25. Bxd7 Rxd7 26. Re8+ Rxe8 27. Rxe8+ Kh7
28. Qc6 f6 29. g4 Nh6 30. g5 Qf7 31. Re6 Ng8 {Kulovic,E-Belica,M Baden 2001
1-0 (33)}) ({RR} 17. Qh3 h5 18. Nd2 c5 19. Qc3 Bd7 20. Nf3 Re8 21. h4 Rxe4 22.
Rxe4 Qf8 23. Ng5 Re8 24. Bd3 Nd4 25. Rf4 Bf5 26. b4 Bxd3 27. Rxd4 cxd4 28. Qxd3
Qe7 29. Qxd4 Qe1+ 30. Kh2 Qe5+ 31. Qxe5 Rxe5 {February,J (1749)-Norooz,M (1605)
Budapest 2015 0-1 (41)}) ({RR} 17. Qh3 h5 18. Bd3 Qf6 19. Rf4 Qxb2 20. Bxf5
Bxf5 21. Qg3 Rae8 22. Rxe8 Rxe8 23. h3 Be4 24. Nh4 Bxd5 25. Qg5 Qa1+ 26. Kh2
Qe5 {0-1 (26) Schiffers,S (2103)-Fedorchuk,S (2657) Maastricht 2015}) 17... Bd7
18. Qf4 Qf6 19. h4 h5 20. Bd3 Kg7 21. Rb4 Rab8 22. Bxf5 Bxf5 23. Qd4 c5 24.
dxc6 bxc6 25. b3 c5 26. Qxf6+ Kxf6 27. Ra4 Rb7 28. Ng5 Rd8 29. f3 d5 30. g4
hxg4 31. fxg4 Bd3 32. Rf4+ Kg7 33. Rxf7+ Rxf7 34. Ne6+ Kh6 35. Nxd8 Rf4 36. g5+
Kh5 37. Re5 Kxh4 38. Ne6 Rf1+ 39. Kg2 Rc1 40. Kf2 Bf5 41. Nc7 d4 42. Na6 Rc2+
43. Ke1 Rxa2 44. Nxc5 Kxg5 45. Rd5 Kf4 46. Rxd4+ Ke3 47. Ra4 Rc2 48. Rc4 Rxc4
49. bxc4 Kd4 50. Nb3+ Kxc4 51. Nd2+ Kc3 52. Kd1 a5 53. Nf1 a4 54. Ne3 a3 0-1

[Event "Sampa Chess Open 2024"]
[Site "Sao Paulo"]
[Date "2024.01.30"]
[Round "2.7"]
[White "Perdomo, Leandro"]
[Black "Silva, Kaua Marques"]
[Result "1/2-1/2"]
[WhiteElo "2382"]
[BlackElo "2142"]
[PlyCount "36"]
[EventDate "2024.01.29"]
[EventRounds "9"]
[EventCountry "BRA"]

1. d4 Nf6 2. c4 e6 3. Nf3 d5 4. Nc3 a6 5. cxd5 exd5 6. Bg5 Be6 7. Bxf6 Qxf6 8.
Qb3 Ra7 9. a3 Qd8 10. Rd1 $146 ({RR} 10. h4 Be7 11. Qc2 h6 12. e4 dxe4 13. Qxe4
c6 14. O-O-O Ra8 15. Bd3 Nd7 16. Bc2 Qa5 17. d5 Nf6 18. Qe1 cxd5 19. Nxd5 Qc5
20. b4 Qc4 21. Ne5 Qa2 22. Nc7+ Kf8 23. Nxe6+ fxe6 24. Qc3 Nd5 {Szeberenyi,A 
(2334)-Schmidek,E (2390) Berlin GER 2021 1-0 (38)}) ({RR} 10. g3 c6 11. h4 Be7
12. Bg2 Nd7 13. Qc2 h6 14. O-O a5 15. e4 dxe4 16. Qxe4 O-O 17. Rfe1 Qb6 18. Qc2
Rd8 19. Rxe6 fxe6 20. Re1 Nf8 21. Bh3 Bf6 22. Na4 Qc7 23. Nc5 Re8 24. Re4 Qd6 {
Dvirnyy,D (2492)-Sorensen,H (2379) Cattolica ITA 2022 1-0 (38)}) ({RR} 10. h4
Be7 11. e4 dxe4 12. d5 Bf5 13. Nd4 Bg4 14. Nxe4 c5 15. Nf3 O-O 16. O-O-O b5 17.
d6 Bf6 18. Nxc5 Nd7 19. Ne4 Ne5 20. Be2 Bf5 21. Qd5 Re8 22. Rhe1 Bxe4 23. Qxe4
Nc4 24. Qxe8+ Qxe8 {Holm,K (2409)-Svane,R (2677) http://www.chessbomb.com 2021
0-1 (51)}) 10... c6 11. g3 Nd7 12. Bg2 Bd6 13. O-O O-O 14. Qc2 Re8 15. e4 dxe4
16. Nxe4 Be7 17. Ne5 Bf6 18. Nxf6+ Nxf6 1/2-1/2

[Event "Sampa Chess Open 2024"]
[Site "Sao Paulo"]
[Date "2024.01.30"]
[Round "2.8"]
[White "Vargas, Gabriela"]
[Black "Ticona Rocabado, Licael Roderick"]
[Result "0-1"]
[WhiteElo "2084"]
[BlackElo "2350"]
[PlyCount "82"]
[EventDate "2024.01.29"]
[EventRounds "9"]
[EventCountry "BRA"]

1. d4 e6 2. Nf3 d5 3. Bg5 Nf6 4. e3 Be7 5. Nbd2 c5 6. c3 Nbd7 7. Bd3 h6 (7...
b6 8. Bh4 Qc7 9. Qe2) 8. Bh4 Qc7 9. Qe2 b6 $146 ({RR} 9... O-O 10. O-O b6 11.
Bxf6 Nxf6 12. Ne5 Bb7 13. f4 Ne4 14. Rad1 Bd6 15. Qg4 f5 16. Qh3 Bxe5 17. fxe5
Qe7 18. Qh5 Kh7 19. Qe2 Rac8 20. Rf4 Rf7 21. g4 Rcf8 22. Qg2 cxd4 23. cxd4 Nxd2
24. Rxd2 {Tan Zhongyi (2522)-Ju Wenjun (2571) Chongqing/Shanghai CHN 2018 1-0 
(35)}) 10. Bg3 Bd6 11. Bxd6 Qxd6 12. e4 dxe4 13. Nxe4 Nxe4 14. Bxe4 Rb8 15. Rd1
O-O 16. O-O Nf6 17. Bc2 Bb7 18. Rfe1 Rbd8 19. a3 Qc6 20. Qf1 Qc7 21. dxc5 Bxf3
22. gxf3 Qxc5 23. Rxd8 Rxd8 24. Rd1 Qg5+ 25. Kh1 Rxd1 26. Qxd1 Nd5 27. Bd3 Qh4
28. Kg1 Qg5+ 29. Kh1 Nf4 30. Bf1 Qd5 31. Qxd5 exd5 32. Bb5 g5 33. Kg1 Kg7 34.
Kf1 Kf6 35. c4 Ke5 36. cxd5 Kxd5 37. Ke1 Kd4 38. Kd2 f6 39. Bf1 Ng6 40. Ba6 Ne5
41. Bb7 Nd3 0-1

[Event "Sampa Chess Open 2024"]
[Site "Sao Paulo"]
[Date "2024.01.30"]
[Round "2.9"]
[White "Cruz, Natan Gomes"]
[Black "Gemy, Jose Daniel"]
[Result "1/2-1/2"]
[WhiteElo "1888"]
[BlackElo "2329"]
[PlyCount "68"]
[EventDate "2024.01.29"]
[EventRounds "9"]
[EventCountry "BRA"]

1. e4 e5 2. Nf3 Nc6 3. Bb5 a6 4. Ba4 Nf6 5. d3 d6 6. c3 (6. O-O g6 7. Re1 Bg7
8. Be3 O-O 9. Nbd2 Ng4 10. Bg5 f6 11. Bh4 g5 12. Bg3 h5 13. h4 Nh6 14. Nf1 g4
15. N3d2 f5 16. exf5 Nxf5 17. Ne4 Kh8 18. Nc3 Nxg3 19. fxg3 Bh6 20. d4 exd4 21.
Bxc6 dxc3 22. Bxb7 Rb8 23. Bxa6 Qe7 24. Qd4+ Qg7 25. b3 Qxd4+) 6... Bd7 7. O-O
g6 8. Re1 Bg7 9. Be3 $146 ({RR} 9. Nbd2 O-O 10. Nf1 h6 ({RR} 10... Qe8 11. Bb3
({RR} 11. Bc2 Nh5 12. d4 Kh8 13. d5 Ne7 14. c4 f5 15. exf5 gxf5 16. c5 Rg8 17.
Ng3 Nxg3 18. hxg3 Ng6 19. Ng5 h6 20. Qh5 e4 21. g4 Ne5 22. Qh4 Nxg4 23. Kh1 Qg6
24. f3 Bf6 25. f4) 11... Na5 12. Bc2 c5 13. d4 cxd4 14. cxd4 Nc6 15. d5 Nb4 16.
Bb1 a5 17. Bd2 Qd8 18. Ne3 b5 19. a3 Na6 20. b4 Qb6 21. Bd3 Nc7 22. Qe2 Qa7 23.
Qd1 Bh6 24. g3 Kg7 25. Kg2) ({RR} 10... b5 11. Bb3 Na5 12. Bc2 c5 13. h3 Nc6
14. Bb3 Na5 15. Bc2 Re8 16. Bg5 h6 17. Bh4 Nc6 18. Ne3 Be6 19. Bb3 Rc8 20. Bxe6
fxe6 21. Bxf6 Qxf6 22. a4 b4 23. a5 Kh7 24. Nc4 Qd8 25. Qa4) ({RR} 10... Nh5
11. Bg5 f6 12. Bh4 Kh8 13. d4 Qe8 14. Bb3 Bg4 15. Ne3 Bxf3 16. Qxf3 exd4 17.
Nd5 Qd7 18. cxd4 Nxd4 19. Qd1 f5 20. Rc1 Rac8 21. Ne7 f4 22. Nxc8 f3 23. Bc4
Nf4 24. Bg3 Nxg2 25. e5) 11. Ng3 Nb8 12. Bb3 Nc6 13. d4 Na5 14. dxe5 Nxb3 15.
Qxb3 dxe5 16. Nxe5 Rb8 17. Nxd7 Qxd7 18. Be3 Qc6 19. f3 Nd7 20. Rad1 Nc5 21.
Qc4 Na4 22. Qb3 Nc5 23. Qc2 Rbd8 {Maucci,L (2036)-Pico,C Buenos Aires 2003 1-0
(43)}) ({RR} 9. d4 O-O 10. dxe5 Nxe5 11. Nxe5 dxe5 12. Bg5 Bxa4 13. Qxa4 h6 14.
Bh4 Qd6 15. Na3 b5 16. Qb3 Rfd8 17. f3 Bf8 18. Red1 Qb6+ 19. Kf1 Be7 20. Bf2
Bc5 21. Bg3 Re8 22. Nc2 Nh5 23. Be1 Rad8 {Kamsky,G (2732)-Radjabov,T (2773)
Wijk aan Zee 2012 1/2-1/2 (55)}) ({RR} 9. Nbd2 O-O 10. Nf1 Ne7 11. Bb3 c5 12.
d4 Qc7 13. Bg5 h6 14. Be3 Nxe4 15. Bxh6 Bxh6 16. Rxe4 Bc6 17. Rh4 Nf5 18. Rg4
Kh7 19. dxe5 dxe5 20. Ng5+ Kg7 21. Ng3 Nxg3 22. Rxg3 Qe7 23. Nh3 Rad8 {
Spagnollo,P (1445)-Veloso,H (2029) Florianopolis 2024 0-1 (60)}) ({RR} 9. Nbd2
O-O 10. Nf1 Qe8 11. Bb3 Na5 12. Bc2 c5 13. d4 cxd4 14. cxd4 Nc6 15. d5 Nb4 16.
Bb1 a5 17. Bd2 Qd8 18. Ne3 b5 19. a3 Na6 20. b4 Qb6 21. Bd3 Nc7 22. Qe2 Qa7 23.
Qd1 Bh6 {Grischuk,A (2717)-Kobalia,M (2654) Moscow 2006 1/2-1/2}) ({RR} 9. d4
b5 10. Bc2 O-O 11. a4 exd4 12. Nxd4 Re8 13. Bg5 h6 14. Bh4 Qb8 15. axb5 axb5
16. Rxa8 Qxa8 17. Nxb5 Qb7 18. c4 Ne5 19. Bxf6 Bxf6 20. N1c3 Nxc4 21. Nd5 Bh4
22. Nbxc7 Rc8 23. Qd4 Ne5 {Gagunashvili,M (2542)-Romanov,E (2489) Kusadasi
2006 1/2-1/2 (41)}) 9... O-O 10. Nbd2 Ng4 11. Bg5 f6 12. Bh4 g5 13. Bg3 h5 14.
h4 Nh6 15. Nf1 g4 (15... Ng4 16. N3d2 f5 17. exf5) 16. N3d2 f5 17. exf5 Nxf5
18. Ne4 Kh8 19. Ne3 Nxg3 20. fxg3 Bh6 21. d4 exd4 22. Bxc6 dxe3 23. Bxb7 Rb8
24. Bxa6 Qe7 25. Qd4+ Qg7 26. b3 Qxd4 27. cxd4 Rb4 28. Ng5 Bg7 29. Re2 Rf2 30.
Rxf2 exf2+ 31. Kf1 Rb8 32. Ne4 Bc6 33. Kxf2 Rf8+ 34. Ke2 d5 1/2-1/2

[Event "Sampa Chess Open 2024"]
[Site "Sao Paulo"]
[Date "2024.01.30"]
[Round "2.10"]
[White "Filgueiras, Nathan Felipe"]
[Black "Do Nascimento, Christian Almeida"]
[Result "1-0"]
[WhiteElo "2321"]
[BlackElo "2123"]
[PlyCount "159"]
[EventDate "2024.01.29"]
[EventRounds "9"]
[EventCountry "BRA"]

1. e4 e5 2. Nf3 Nf6 3. Nc3 Nc6 4. Be2 Bb4 5. Nd5 Nxe4 6. Nxb4 Nxb4 7. d3 Nf6 8.
Nxe5 d6 9. Nf3 h6 10. a3 Nc6 11. O-O O-O 12. d4 $146 ({RR} 12. Re1 a5 13. b3
Re8 14. Bb2 Be6 15. Qd2 d5 16. b4 b5 17. Nd4 Nxd4 18. Bxd4 c6 19. Qc3 Bd7 20.
Bf1 Rxe1 21. Rxe1 axb4 22. axb4 Ra6 23. Re3 Ne8 24. h3 Be6 25. f4 h5 26. Re5 g6
{Mihok,O (2504)-Ilincic,Z (2401) Kecskemet 2015 1-0 (55)}) 12... Bf5 13. d5 Ne7
14. c4 Qd7 15. Be3 Rfe8 16. Re1 Bh7 17. Bd4 Ne4 18. b4 Nf5 19. Bb2 Re7 20. Bd3
Rae8 21. Re2 Ng5 22. Nxg5 Rxe2 23. Bxe2 hxg5 24. Qd2 Qe7 25. Bf1 Bg6 26. Bc3 g4
27. Re1 Qxe1 28. Qxe1 Rxe1 29. Bxe1 Nd4 30. Bc3 Nb3 31. Bb2 Bc2 32. Be2 f5 33.
Kf1 a5 34. Ke1 Kf7 35. bxa5 Nxa5 36. Kd2 Ba4 37. Kc3 b6 38. Kb4 Bd7 39. Bd3 Nb7
40. Bc2 Nc5 41. a4 Na6+ 42. Ka3 Nc5 43. Bc3 Nb7 44. Kb4 Na5 45. Bd2 Kf6 46.
Bc3+ Kf7 47. Bd2 Kf6 48. f4 gxf3 49. gxf3 g5 50. f4 g4 51. Be1 c5+ 52. dxc6
Nxc6+ 53. Kc3 Ne7 54. Kd4 Ke6 55. Bh4 Nc6+ 56. Kc3 d5 57. cxd5+ Kxd5 58. Bf2
Ne7 59. Bxb6 Ng6 60. Be3 Nh4 61. a5 Ng2 62. Bd2 Kc5 63. a6 Kb6 64. Bd3 Bc8 65.
Bf1 Nh4 66. Be3+ Kc7 67. a7 Bb7 68. Bf2 Ng6 69. Bg3 Kb6 70. Bd3 Kxa7 71. Bxf5
Ne7 72. Bxg4 Kb6 73. Kd4 Nc6+ 74. Kd5 Kc7 75. f5+ Kd8 76. Kd6 Nd4 77. f6 Ke8
78. Bh5+ Kf8 79. Bf4 Bf3 80. Bh6+ 1-0

[Event "Sampa Chess Open 2024"]
[Site "Sao Paulo"]
[Date "2024.01.30"]
[Round "2.11"]
[White "Dos Santos Dutra, Fernando Junior Fre"]
[Black "De Albuquerque, Ian Telek C."]
[Result "1-0"]
[WhiteElo "2262"]
[BlackElo "2089"]
[PlyCount "101"]
[EventDate "2024.01.29"]
[EventRounds "9"]
[EventCountry "BRA"]

1. d4 Nf6 2. c4 g6 3. Nc3 Bg7 4. e4 d6 5. Nge2 O-O 6. Ng3 c5 7. d5 e6 8. Be2
exd5 9. cxd5 Na6 10. O-O Nc7 11. Bg5 h6 12. Be3 Re8 13. a4 ({RR} 13. Qd2 Kh7
14. f4 b5 15. e5 b4 16. Nce4 Nfxd5 17. Rad1 dxe5 18. fxe5 Nxe3 19. Qxe3 Qe7 20.
Bc4 Qxe5 21. Rxf7 Kh8 22. Qf3 Be6 23. Nd6 Rf8 24. Qc6 Rxf7 25. Nxf7+ Bxf7 26.
Bxf7 Rf8 27. Qxg6 Nb5 {David,A (2428)-Tugui,A (2338) Mamaia ROU 2021 1-0 (31)})
13... Rb8 14. Qd2 Kh7 15. h3 b6 $146 ({RR} 15... a6 16. Rab1 b5 17. axb5 axb5
18. b4 cxb4 19. Rxb4 Bd7 20. Rfb1 Na6 21. R4b3 b4 22. Bxa6 bxc3 23. Rxb8 Qxb8
24. Qd3 Qd8 25. Bd4 h5 26. f3 c2 27. Qxc2 Nxe4 28. Bxg7 Nxg3 29. Ba1 Qg5 30.
Qc3 {Wiley,T (2256)-Klima,L (2353) Olomouc 2013 1/2-1/2 (35)}) 16. f3 a6 17.
Rab1 b5 18. axb5 Nxb5 19. Bxb5 axb5 20. b4 Nd7 21. Nge2 Ba6 22. Bf2 Qf6 23.
Rfc1 Rec8 24. Qa2 Ra8 25. f4 Qe7 26. Qd2 Rab8 27. Rc2 Nb6 28. Ra2 Na4 29. bxc5
Nxc3 30. Nxc3 b4 31. Rxa6 bxc3 32. Qc2 Rb2 33. Rxb2 cxb2 34. Rb6 Qa7 35. c6
Qa1+ 36. Kh2 Qc1 37. Qd3 Ra8 38. e5 Ra1 39. Qe3 b1=Q 40. Rxb1 Qxb1 41. exd6 Ra8
42. d7 Qb8 43. Qb6 Qd6 44. Qc5 Bf8 45. Qxd6 Bxd6 46. Bb6 Bxf4+ 47. g3 Bd6 48.
d8=Q Rxd8 49. Bxd8 Kg7 50. c7 Bxc7 51. Bxc7 1-0

[Event "Sampa Chess Open 2024"]
[Site "Sao Paulo"]
[Date "2024.01.30"]
[Round "2.12"]
[White "Cunha, Lucas Aguiar"]
[Black "Dos Santos Junior, Haroldo Cunha"]
[Result "1/2-1/2"]
[WhiteElo "2230"]
[BlackElo "2033"]
[PlyCount "100"]
[EventDate "2024.01.29"]
[EventRounds "9"]
[EventCountry "BRA"]

1. e4 e5 2. Nf3 Nc6 3. Nc3 d6 4. d4 exd4 5. Nxd4 Nf6 6. Bb5 Bd7 7. O-O Be7 8.
Bf4 Na5 $146 ({RR} 8... Nxd4 9. Qxd4 O-O 10. Rad1 Bxb5 11. Nxb5 a6 12. Nc3 Re8
13. Bc1 Qc8 14. b3 Qe6 15. Rfe1 Qe5 16. Qd3 Bf8 17. f4 Qh5 18. h3 Rad8 19. g4
Qa5 20. g5 Nd7 21. Bd2 Qa3 22. Nd5 Nc5 23. Qf3 {Kholmov,R-Sandor,B Bucharest
1954 1-0 (65)}) ({RR} 8... O-O 9. Nxc6 bxc6 10. Ba4 Rb8 11. e5 dxe5 12. Bxe5
Ng4 13. Bd4 Bd6 14. h3 Qh4 15. f4 c5 16. Bxd7 cxd4 17. Qxg4 {1/2-1/2 (17)
Vajda,A (2409)-Istratescu,A (2582) Bucharest 2001}) ({RR} 8... O-O 9. Nxc6 bxc6
10. Bc4 Be6 11. Bxe6 fxe6 12. e5 Nd5 13. Nxd5 cxd5 14. Qg4 Qd7 15. Rfe1 Rae8
16. Re3 dxe5 17. Bxe5 Bc5 18. Bd4 Bd6 19. Be5 c5 20. Rae1 Bxe5 21. Rxe5 {
1/2-1/2 (21) Gorainow,N (1858)-Stemmler,F (2019) Willingen 2017}) ({RR} 8...
O-O 9. Bxc6 bxc6 10. e5 Ne8 11. Qf3 d5 12. Rad1 g6 13. Bh6 Ng7 14. Rfe1 Rb8 15.
b3 c5 16. Nde2 c6 17. Nf4 Be6 18. Na4 Qa5 19. c4 Rbd8 20. cxd5 cxd5 21. Nc3 d4
22. Ne4 Qxa2 23. Nf6+ {Geller,E-Shamkovich,L Riga (Latvia) 1968 1-0 (34)}) ({RR
} 8... O-O 9. Nxc6 bxc6 10. Ba4 Qb8 11. e5 Ne8 12. Qd2 Qb7 13. Rfe1 Rd8 14.
exd6 Bxd6 15. Bb3 Bf5 16. Be5 Qc8 17. Qf4 Nf6 18. Qa4 Nd7 19. Bg3 Nc5 20. Qxc6
Nxb3 21. axb3 Bxc2 22. Nd5 Bxb3 23. Nxc7 {Klein,M-Lombard,A Florence 1972 1/
2-1/2}) 9. Nf5 Bf8 10. Bxd7+ Qxd7 11. Qd4 Nc6 12. Qa4 g6 13. Bg5 Ng8 14. Ne3
Bg7 15. Ned5 f6 16. Bh4 h5 17. f4 a6 18. Rad1 O-O-O 19. e5 fxe5 20. Bxd8 Nxd8
21. Qxd7+ Kxd7 22. f5 gxf5 23. Rxf5 c6 24. Rg5 Ne6 25. Nb6+ Kc7 26. Rg6 Rh6 27.
Rxh6 Nxh6 28. Na8+ Kd7 29. Ne4 d5 30. Nb6+ Kc7 31. Nxd5+ cxd5 32. Rxd5 Nf5 33.
c3 Kc6 34. Rd1 h4 35. Kf2 Bh6 36. Kf3 Ng5+ 37. Nxg5 Bxg5 38. Ke4 Nd6+ 39. Kxe5
Nc4+ 40. Ke6 Nxb2 41. Rd6+ Kc7 42. Rd7+ Kc6 43. Rg7 Bf4 44. Rg4 Bxh2 45. Rxh4
Bg3 46. Rb4 Nd3 47. Rg4 Be1 48. c4 a5 49. Rd4 Nb4 50. Re4 Bc3 1/2-1/2

[Event "Sampa Chess Open 2024"]
[Site "Sao Paulo"]
[Date "2024.01.30"]
[Round "2.13"]
[White "Dias, Clara"]
[Black "Aranha Filho, Alvaro Z."]
[Result "0-1"]
[WhiteElo "1717"]
[BlackElo "2201"]
[PlyCount "71"]
[EventDate "2024.01.29"]
[EventRounds "9"]
[EventCountry "BRA"]

1. e4 c5 2. Nf3 e6 3. d4 cxd4 4. Nxd4 Nf6 5. Nc3 Nc6 6. a3 Be7 7. Be2 O-O 8.
O-O d5 9. exd5 Nxd5 10. Nxd5 Qxd5 11. Nxc6 Qxc6 12. Bf3 Qc7 13. c3 $146 ({RR} 
13. Qe2 Bf6 14. c3 Bd7 15. Be3 a6 16. a4 Bc6 17. Qc4 Rac8 18. Bxc6 Qxc6 19.
Qxc6 Rxc6 20. a5 Rd8 21. Rfd1 Rcd6 22. Rxd6 Rxd6 23. Kf1 g6 24. Ke2 Rd5 25. Ra2
Kf8 26. c4 Rd7 27. b4 Rc7 {Gabrielian,A (2458)-Esipenko,A (2043) Maikop RUS
2019 1/2-1/2 (58)}) ({RR} 13. Be3 Bf6 14. c3 Bd7 15. Be4 Bc6 16. Qf3 Bxe4 17.
Qxe4 b6 18. Bf4 Qc5 19. Rad1 Rad8 20. Qb7 Qb5 21. Bc1 Qa4 22. Qf3 Qb3 23. Qe2
h6 24. h3 Rfe8 25. Be3 {1/2-1/2 (25) Reisinger,G (1740)-Wist,D (1790) Germany
2005}) 13... Rd8 14. Qc2 Bd7 15. Re1 Bc6 16. Be4 Bxe4 17. Qxe4 Rd7 18. Be3 Rad8
19. Qg4 Bf6 20. Qa4 Rd5 21. h4 h5 22. Qb4 a5 23. Qe4 Qc6 24. g3 Rc8 25. Bf4 Qe8
26. Qc2 Rcd8 27. Re4 Qc6 28. Qe2 g6 29. Re1 Kg7 30. Rc4 Rc5 31. Rxc5 Qxc5 32.
Be5 Rd5 33. Bf4 Qc6 34. Qe4 Rd1 35. Kh2 Rxe1 36. Qxe1 0-1

[Event "Sampa Chess Open 2024"]
[Site "Sao Paulo"]
[Date "2024.01.30"]
[Round "2.14"]
[White "Tsuboi, Edson Kenji"]
[Black "Branquinho, Eduardo De Medeiros"]
[Result "1-0"]
[WhiteElo "2200"]
[BlackElo "1815"]
[PlyCount "77"]
[EventDate "2024.01.29"]
[EventRounds "9"]
[EventCountry "BRA"]

1. e4 c5 2. Nf3 d6 3. d4 cxd4 4. Nxd4 Nf6 5. Nc3 a6 6. a4 e5 7. Nf3 Be7 8. Bc4
O-O 9. O-O Qc7 ({RR} 9... Be6 10. Bxe6 fxe6 11. a5 Nc6 12. Be3 Qd7 13. Re1 Rae8
14. Bb6 Bd8 15. Na4 Nxa5 16. Nc5 dxc5 17. Qxd7 Nxd7 18. Bxa5 Bxa5 19. Rxa5 Rc8
20. Kf1 h6 21. Rd1 Rc7 22. Rd6 Re8 23. Ra1 Kf8 24. h4 {Carlsen,M (2864)
-Gelfand,B (2755) Moscow 2013 1/2-1/2 (48)}) ({RR} 9... Nbd7 10. Qe2 b6 11. Rd1
Bb7 12. Bg5 Qc7 13. h3 Rfc8 14. Ba2 h6 15. Bxf6 Nxf6 16. Nh4 Bc6 17. Bb3 Bf8
18. Rd2 b5 19. axb5 axb5 20. Rxa8 Rxa8 21. Nf5 b4 22. Nd5 Bxd5 23. Bxd5 Nxd5
24. exd5 {Dwilewicz,K (2100)-Majek,K (2100) Krakow POL 2022 0-1 (71)}) 10. Qd3
b6 $146 ({RR} 10... h6 11. Nd5 Nxd5 12. Bxd5 Nd7 13. Qc4 Qxc4 14. Bxc4 Nf6 15.
Re1 Bd7 16. Bd2 Bc6 17. Bd3 b5 18. a5 Ne8 19. Bb4 Nc7 20. Nxe5 Bb7 21. Nd7 Rfe8
22. Nb6 Rad8 23. Rad1 Bf6 24. c3 d5 25. exd5 {Hein,M (2032)-Hoffmann,A (1856)
Bayern 2005 1/2-1/2 (72)}) 11. Bg5 Bb7 12. Bxf6 Bxf6 13. Rfd1 Be7 14. Nd5 Bxd5
15. Bxd5 Ra7 16. Nd2 Nd7 17. Nc4 Nc5 18. Qh3 Nxa4 19. Rxa4 b5 20. Rb4 bxc4 21.
Rxc4 Qb6 22. b3 Rc7 23. Qg4 Rxc4 24. Bxc4 a5 25. Qd7 Qd8 26. Qa7 Bf6 27. Rd3
Qb8 28. Bxf7+ Kh8 29. Qxb8 Rxb8 30. Rxd6 Rd8 31. Rd5 Rxd5 32. exd5 g6 33. Kf1
Kg7 34. Be6 Kf8 35. Ke2 Ke7 36. Kd3 Kd6 37. Bg8 h6 38. Bf7 g5 39. g4 1-0